| 000 | 01337nam a2200301Ia 4500 | ||
|---|---|---|---|
| 001 | ebr10057992 | ||
| 003 | CaPaEBR | ||
| 006 | m u | ||
| 007 | cr cn||||||||| | ||
| 008 | 040524s2003 at s 000 0deng d | ||
| 010 | _z 2004401462 | ||
| 020 | _z1740760379 (pbk.) | ||
| 040 |
_aCaPaEBR _cCaPaEBR |
||
| 035 | _a(OCoLC)70772926 | ||
| 050 | 1 | 4 |
_aDS620.2 _b.H83 2003eb |
| 100 | 1 | _aHuie, Shirley Fenton. | |
| 245 | 1 | 0 |
_aSomeone else's country _h[electronic resource] : _bliving in Suharto's Indonesia / _cShirley Fenton Huie. |
| 246 | 3 | 0 | _aLiving in Suharto's Indonesia |
| 260 |
_aCanberra, A.C.T. : _bPandanus Books : _bResearch School of Pacific and Asian Studies, Australian National University ; _aSydney, N.S.W. : _bDistributed by UNIREPS, University of New South Wales, _cc2003. |
||
| 300 | _aix, 251 p. | ||
| 533 |
_aElectronic reproduction. _bPalo Alto, Calif. : _cebrary, _d2009. _nAvailable via World Wide Web. _nAccess may be limited to ebrary affiliated libraries. |
||
| 600 | 1 | 0 |
_aHuie, Shirley Fenton _xTravel _zIndonesia. |
| 650 | 0 | _aVoyages and travels. | |
| 651 | 0 |
_aIndonesia _xDescription and travel. |
|
| 655 | 7 |
_aElectronic books. _2local |
|
| 710 | 2 | _aebrary, Inc. | |
| 856 | 4 | 0 |
_uhttp://site.ebrary.com/lib/rucke/Doc?id=10057992 _zAn electronic book accessible through the World Wide Web; click to view |
| 999 |
_c68000 _d68000 |
||